Faculty of Law Library — Cairo University

Official Online Catalog

Die Liquidierung der Balkankriege 1912-1914 : (Record no. 64042)

MARC details
000 -LEADER
fixed length control field 01105nam a2200301 4500
003 - CONTROL NUMBER IDENTIFIER
control field EG-GICUC
005 - DATE AND TIME OF LATEST TRANSACTION
control field 20260303115312.0
008 - FIXED-LENGTH DATA ELEMENTS--GENERAL INFORMATION
fixed length control field 260223s1926 -ge |||f |||| 00| 0 ger d
040 ## - CATALOGING SOURCE
Original cataloging agency EG-GICUC
Language of cataloging ger
Transcribing agency EG-GICUC
Modifying agency EG-GICUC
Description conventions rda
082 04 - DEWEY DECIMAL CLASSIFICATION NUMBER
Classification number 341.66
Item number LE . L
Edition number 21
092 04 - LOCALLY ASSIGNED DEWEY CALL NUMBER (OCLC)
Edition number 21
099 ## - LOCAL FREE-TEXT CALL NUMBER (OCLC)
Classification number Law1 11 341.66 LE . L 1926
100 1# - MAIN ENTRY--PERSONAL NAME
Personal name Lepsius Johannes
Relator term Author.
245 ## - TITLE STATEMENT
Title Die Liquidierung der Balkankriege 1912-1914 :
Number of part/section of a work Vierunddreißigſter Band.
-- Erster Teil/
Statement of responsibility, etc. Von Johannes Lepsius.
264 ## - PRODUCTION, PUBLICATION, DISTRIBUTION, MANUFACTURE, AND COPYRIGHT NOTICE
Place of production, publication, distribution, manufacture Berlin:
Name of producer, publisher, distributor, manufacturer Deutsche Verlagsgesellschaft Für Politik Und Geschichte M. B. H. In Berlin W 8,
Date of production, publication, distribution, manufacture, or copyright notice 1926.
300 ## - PHYSICAL DESCRIPTION
Extent 422 Pages ;
Dimensions 25 Cm.
Other physical details illustrations,
336 ## - CONTENT TYPE
Source rda content
Content type term text
337 ## - MEDIA TYPE
Source rda media
Media type term Computer
338 ## - CARRIER TYPE
Source rda carrier
Carrier type term Online Resource
490 ## - SERIES STATEMENT
Series statement Die Großepolitik der Europäischen Kabinette 1871-1914
504 ## - BIBLIOGRAPHY, ETC. NOTE
Bibliography, etc. note Bibliography: pages 200-250.
546 ## - LANGUAGE NOTE
Language note Text in German
650 14 - SUBJECT ADDED ENTRY--TOPICAL TERM
Topical term or geographic name entry element Droit international public
Source of heading or term qrmak
651 1# - SUBJECT ADDED ENTRY--GEOGRAPHIC NAME
Source of heading or term qrmak
856 40 - ELECTRONIC LOCATION AND ACCESS
Uniform Resource Identifier <a href="https://fll.law.cu.edu.eg/fulltext/bks/B11-08126.pdf">https://fll.law.cu.edu.eg/fulltext/bks/B11-08126.pdf</a>
905 ## - Cataloger and Reviser Names
Cataloger Name: Hoda
942 ## - ADDED ENTRY ELEMENTS (KOHA)
Source of classification or shelving scheme Dewey Decimal Classification
Koha item type Books
Edition 21
Suppress in OPAC No
Holdings
Withdrawn status Lost status Source of classification or shelving scheme Materials specified (bound volume or other part) Damaged status Not for loan Collection Home library Current library Date acquired Total checkouts Full call number Barcode Date last seen Copy number Price effective from Koha item type
    Dewey Decimal Classification V34   Not for loan القانون الدولي العام جــــامعة القــاهرة مكتبة كلية الحقوق - المبنى الرئيسي 23.02.2026   Law1 11 341.66 LE . L 1926 1108127 V34, P1, C1 B11-08127 23.02.2026 1 23.02.2026 Books

© All rights reserved — Faculty of Law, Cairo University